000 00518nam a2200193 a 4500
003 OSt
005 20170920145939.0
008 020226s1994
020 _a950-04-2790-7
040 _cBCRI
082 _a843
100 1 _aSaint-Exupéry, Antoine de
_929637
_d1900-1944
245 1 3 _aEl Principito
_cAntoine de Saint-Exupery
250 _a1a ed.
_bEdición de Lujo
260 _aBuenos Aires
_bEmecé Editores
_c2006
300 _a95 p.
_bil.
_c26 cm
650 0 _911443
_aNovela francesa
942 _2ddc
_cBK
_hprozim
999 _c28393
_d28393